[Event "CAN-ch U20 2000"]
[Site "Montreal CAN"]
[Date "2000.05.05"]
[Round "5"]
[White "Caire, Francois"]
[Black "Michalowski, Lukasz"]
[Result "1-0"]
[WhiteElo "1799"]
[BlackElo "1867"]
[PlyCount "125"]
[GameId "2160767911724436"]
[EventDate "2000.05.03"]
[EventType "swiss"]
[EventRounds "8"]
[EventCountry "CAN"]

1. f4 Nf6 2. Nf3 d6 3. Nc3 Nc6 4. e4 e5 5. Bb5 Bg4 6. h3 Bxf3 7. Qxf3 a6 8. Bxc6+ bxc6 9. fxe5 dxe5 10. d3 Rb8 11. O-O Qd6 12. Nd1 Be7 13. Ne3 Qd4 14. Kh2 g6 15. Nc4 Rb5 16. Bh6 Rg8 17. Bg5 Qd8 18. Bxf6 Bxf6 19. Qxf6 Qe7 20. Qxc6+ Kf8 21. Rf2 Qc5 22. Qxc5+ Rxc5 23. Raf1 Rg7 24. Rf6 a5 25. Kg3 h5 26. Ra6 f5 27. exf5 gxf5+ 28. Kh2 f4 29. Re6 Re7 30. Rxe7 Kxe7 31. g3 fxg3+ 32. Kxg3 e4 33. Re1 Rg5+ 34. Kh2 Rf5 35. Rxe4+ Kd8 36. Kg2 Rg5+ 37. Kf3 Rg1 38. Re2 a4 39. a3 h4 40. Rg2 Rf1+ 41. Kg4 Ke7 42. Kxh4 Kf6 43. Kg4 c5 44. h4 Rf5 45. Rg3 Rd5 46. Rf3+ Kg6 47. Nb6 Rd8 48. Nxa4 c4 49. dxc4 Rd2 50. c3 Rd1 51. c5 Rd8 52. Nb6 Rb8 53. h5+ Kg7 54. b4 Rb7 55. a4 Kh6 56. Rf6+ Kg7 57. a5 Rc7 58. Kg5 Ra7 59. h6+ Kh7 60. Rg6 Kh8 61. Rg7 Rxa5 62. Re7 Ra6 63. Kg6 1-0

[Event "CAN-ch U20 2000"]
[Site "Montreal CAN"]
[Date "2000.05.05"]
[Round "5"]
[White "Feoktistov, Dmitri"]
[Black "Lentini, Joseph"]
[Result "0-1"]
[WhiteElo "1937"]
[BlackElo "2130"]
[PlyCount "68"]
[GameId "2160767911724439"]
[EventDate "2000.05.03"]
[EventType "swiss"]
[EventRounds "8"]
[EventCountry "CAN"]

1. d4 Nf6 2. c4 e6 3. a3 d5 4. Nc3 Be7 5. Nf3 O-O 6. Bg5 b6 7. e3 Bb7 8. cxd5 Nxd5 9. Bxe7 Qxe7 10. Bd3 c5 11. O-O Nd7 12. Nxd5 Bxd5 13. e4 Bb7 14. Qe2 cxd4 15. Nxd4 Nc5 16. Rfd1 Rfd8 17. Bc2 Qf6 18. Qe3 e5 19. Nf3 Rac8 20. b4 Ne6 21. Rac1 Ba6 22. Ba4 Rxc1 23. Qxc1 Nf4 24. Qc7 Rc8 25. Qd7 Rf8 26. b5 Bc8 27. Qc7 Qg6 28. Nh4 Qxe4 29. Bc2 Ne2+ 30. Kf1 Qxh4 31. Kxe2 Qxh2 32. Rd8 Bg4+ 33. Kd2 Qf4+ 34. Kc3 g6 0-1

[Event "CAN-ch U20 2000"]
[Site "Montreal CAN"]
[Date "2000.05.05"]
[Round "5"]
[White "Goldenberg, Danny"]
[Black "Olson, Hans"]
[Result "1-0"]
[WhiteElo "2321"]
[BlackElo "2022"]
[PlyCount "99"]
[GameId "2160767911724441"]
[EventDate "2000.05.03"]
[EventType "swiss"]
[EventRounds "8"]
[EventCountry "CAN"]

1. e4 e5 2. Nf3 Nc6 3. Bc4 Bc5 4. O-O d6 5. c3 Bb6 6. d3 Nf6 7. Bb3 h6 8. Re1 O-O 9. Nbd2 Na5 10. Bc2 c5 11. Nf1 Nc6 12. Ng3 Ne7 13. Nh4 Bg4 14. f3 Be6 15. Nhf5 Nxf5 16. Nxf5 Bxf5 17. exf5 Qc8 18. g4 Nh7 19. Kg2 Qd8 20. Kg3 Bc7 21. f4 Qf6 22. Qf3 Bd8 23. Be3 Qh4+ 24. Kg2 exf4 25. Bxf4 Bc7 26. Qg3 Qf6 27. Bb3 Rad8 28. Bd5 Kh8 29. Re2 Rfe8 30. Rae1 Rxe2+ 31. Rxe2 b6 32. h3 Kg8 33. Qe3 Rf8 34. Qe7 Qxe7 35. Rxe7 Bb8 36. Rb7 Nf6 37. Bxf7+ Rxf7 38. Rxb8+ Kh7 39. Rd8 d5 40. Be5 Nd7 41. Re8 Nxe5 42. Rxe5 Rd7 43. Re6 b5 44. Kf3 d4 45. Ke4 dxc3 46. bxc3 b4 47. c4 Rc7 48. Kd5 Rd7+ 49. Rd6 Rc7 50. Rd8 1-0

[Event "CAN-ch U20 2000"]
[Site "Montreal CAN"]
[Date "2000.05.05"]
[Round "5"]
[White "Guo, Joshua"]
[Black "Kenney, Jason"]
[Result "1-0"]
[WhiteElo "2202"]
[BlackElo "1907"]
[PlyCount "81"]
[GameId "2160767911724442"]
[EventDate "2000.05.03"]
[EventType "swiss"]
[EventRounds "8"]
[EventCountry "CAN"]

1. e4 c5 2. c3 Nf6 3. e5 Nd5 4. d4 cxd4 5. Nf3 e6 6. cxd4 b6 7. Nc3 Nxc3 8. bxc3 Qc7 9. Bd2 Bb7 10. Bd3 d6 11. O-O Nd7 12. Re1 Be7 13. Rc1 Rd8 14. Bf4 dxe5 15. Nxe5 Nxe5 16. Bxe5 Bd6 17. Qh5 Bxe5 18. Rxe5 Rd5 19. Rxe6+ Kd8 20. Re5 Rxe5 21. Qxe5 Qxe5 22. dxe5 Ke7 23. Be2 Rc8 24. f4 Rc5 25. g3 Bd5 26. Rc2 Be4 27. Rc1 Bd5 28. Kf2 Bxa2 29. Ra1 Ra5 30. Ke3 f6 31. exf6+ Kxf6 32. c4 g5 33. fxg5+ Kxg5 34. Kd4 Ra4 35. Bd3 b5 36. Kc3 b4+ 37. Kb2 b3 38. Rc1 h5 39. c5 Rd4 40. Rc3 Rd7 41. c6 1-0

[Event "CAN-ch U20 2000"]
[Site "Montreal CAN"]
[Date "2000.05.05"]
[Round "5"]
[White "Johnson, Kyle"]
[Black "Pescarus, Radu"]
[Result "0-1"]
[WhiteElo "1584"]
[BlackElo "2005"]
[PlyCount "70"]
[GameId "2160767911724443"]
[EventDate "2000.05.03"]
[EventType "swiss"]
[EventRounds "8"]
[EventCountry "CAN"]

1. e4 c5 2. Nc3 Nc6 3. f4 g6 4. Nf3 Bg7 5. Bc4 e6 6. e5 d5 7. Bb5 Nge7 8. d4 cxd4 9. Nxd4 O-O 10. Be3 a6 11. Bd3 Qb6 12. Na4 Qa5+ 13. c3 Qc7 14. h4 b5 15. Nc5 Na5 16. Ncb3 Nc4 17. Qe2 Bd7 18. O-O Rfc8 19. Rac1 Qb7 20. Rf3 Rab8 21. a3 a5 22. Rc2 Rc7 23. Bxc4 bxc4 24. Nxa5 Qa8 25. b4 cxb3 26. Ndxb3 Ba4 27. Rb2 Bxb3 28. Rxb3 Rxb3 29. Nxb3 Qxa3 30. Qc2 Nf5 31. Bf2 h5 32. Nd4 Qa1+ 33. Kh2 Nh6 34. Rg3 Ng4+ 35. Kh3 Qh1# 0-1

[Event "CAN-ch U20 2000"]
[Site "Montreal CAN"]
[Date "2000.05.05"]
[Round "5"]
[White "Khaziyeva, Dinara"]
[Black "Masse, Hugues"]
[Result "1-0"]
[WhiteElo "1912"]
[BlackElo "2042"]
[PlyCount "59"]
[GameId "2160767911724444"]
[EventDate "2000.05.03"]
[EventType "swiss"]
[EventRounds "8"]
[EventCountry "CAN"]

1. c4 f5 2. Nc3 Nf6 3. g3 g6 4. Bg2 Bg7 5. d3 O-O 6. Nf3 d6 7. O-O e5 8. Bg5 h6 9. Bxf6 Qxf6 10. Rb1 c6 11. Qc2 g5 12. Nd2 Qg6 13. b4 Rf7 14. b5 Rc7 15. Qa4 a6 16. Qa5 Qf7 17. Nd5 cxd5 18. Bxd5 Be6 19. Bxe6 Qxe6 20. Qxc7 Qd7 21. Qa5 Kh7 22. Rb3 Qf7 23. Rfb1 Nd7 24. Qc7 axb5 25. a3 Qe6 26. Rxb5 Nc5 27. Nb3 Rxa3 28. Nxc5 dxc5 29. Rxb7 Qg6 30. R1b6 1-0

[Event "CAN-ch U20 2000"]
[Site "Montreal CAN"]
[Date "2000.05.05"]
[Round "5"]
[White "Liu, Ming"]
[Black "Miron, Francois"]
[Result "1/2-1/2"]
[WhiteElo "1303"]
[BlackElo "1969"]
[PlyCount "119"]
[GameId "2160767911724446"]
[EventDate "2000.05.03"]
[EventType "swiss"]
[EventRounds "8"]
[EventCountry "CAN"]

1. e4 c5 2. d4 cxd4 3. c3 dxc3 4. Nxc3 Nc6 5. Nf3 g6 6. Bc4 Bg7 7. Ng5 Ne5 8. Qb3 Nxc4 9. Qxc4 e6 10. Nb5 Be5 11. f4 Bb8 12. e5 a6 13. Nc3 d5 14. Qb4 Qe7 15. Qb3 Ba7 16. Bd2 b5 17. O-O-O Nh6 18. Kb1 Bb7 19. Ne2 Nf5 20. Rc1 Bb6 21. Bb4 Qd7 22. g3 a5 23. Bc5 Bxc5 24. Rxc5 O-O 25. Nf3 Rfc8 26. Rxc8+ Rxc8 27. Ned4 Nxd4 28. Nxd4 Rc4 29. Qxb5 Bc8 30. Qxd7 Bxd7 31. Nb3 a4 32. Nd2 Rc7 33. Rc1 Rxc1+ 34. Kxc1 Kg7 35. b3 axb3 36. Nxb3 f6 37. Nc5 Bc8 38. Nd3 fxe5 39. Nxe5 Kf6 40. h4 Kf5 41. Kd2 Ke4 42. a4 Kd4 43. Nf3+ Kc4 44. g4 Kb4 45. Ng5 h5 46. gxh5 gxh5 47. Nh7 Bd7 48. Nf6 Bxa4 49. Nxh5 Be8 50. Nf6 Bf7 51. Kd3 Kc5 52. h5 d4 53. h6 Bg6+ 54. Kd2 Kd6 55. h7 Bxh7 56. Nxh7 e5 57. f5 e4 58. Ng5 e3+ 59. Kd3 Ke5 60. Nf3+ 1/2-1/2

[Event "CAN-ch U20 2000"]
[Site "Montreal CAN"]
[Date "2000.05.05"]
[Round "5"]
[White "Perecowicz, Jonathan"]
[Black "Robichaud, Martin"]
[Result "0-1"]
[WhiteElo "1286"]
[BlackElo "1945"]
[PlyCount "60"]
[GameId "2160767911724447"]
[EventDate "2000.05.03"]
[EventType "swiss"]
[EventRounds "8"]
[EventCountry "CAN"]

1. e4 c5 2. Nf3 d6 3. d4 cxd4 4. Nxd4 Nf6 5. Nc3 g6 6. Bc4 Bg7 7. f3 O-O 8. Be3 Nc6 9. Qd2 Bd7 10. O-O-O Rc8 11. Bb3 Na5 12. h4 Nc4 13. Bxc4 Rxc4 14. h5 Nxh5 15. g4 Nf6 16. Qh2 Rxc3 17. bxc3 Qa5 18. g5 Nh5 19. f4 Qxc3 20. Rd3 Qa1+ 21. Kd2 Qxa2 22. f5 Qa5+ 23. Kd1 Be5 24. Qh4 Rc8 25. Ne2 Qc7 26. Rd2 Ba4 27. Nf4 Bxf4 28. Bxf4 Bxc2+ 29. Ke1 Bxe4 30. fxg6 hxg6 0-1

[Event "CAN-ch U20 2000"]
[Site "Montreal CAN"]
[Date "2000.05.05"]
[Round "5"]
[White "Raheb, David"]
[Black "Bachand-Fleurent, Julien"]
[Result "1-0"]
[WhiteElo "2148"]
[BlackElo "1899"]
[PlyCount "69"]
[GameId "2160767911724448"]
[EventDate "2000.05.03"]
[EventType "swiss"]
[EventRounds "8"]
[EventCountry "CAN"]

1. d4 d5 2. c4 e6 3. Nf3 c6 4. e3 Nf6 5. Nc3 Bd6 6. Bd3 Nbd7 7. O-O O-O 8. e4 dxe4 9. Nxe4 Nxe4 10. Bxe4 Nf6 11. Bc2 c5 12. Bg5 h6 13. Bh4 Be7 14. Qd3 g6 15. Ne5 Qe8 16. dxc5 Nd7 17. Nxd7 Bxd7 18. Bxe7 Qxe7 19. Qe3 g5 20. Rad1 Bc6 21. Rd6 Rfd8 22. Rfd1 Rxd6 23. Rxd6 Qf6 24. Qd2 Kf8 25. b4 Qa1+ 26. Bd1 Ba4 27. h4 Bxd1 28. Qxd1 Qxa2 29. hxg5 hxg5 30. Qc1 Qe2 31. Qxg5 Qe1+ 32. Kh2 Qxf2 33. Rd2 Qe1 34. Rd7 Re8 35. Qf6 1-0

[Event "CAN-ch U20 2000"]
[Site "Montreal CAN"]
[Date "2000.05.05"]
[Round "5"]
[White "Rodina, Nataliya"]
[Black "Gottlieb, Jonathan"]
[Result "0-1"]
[WhiteElo "1962"]
[BlackElo "2132"]
[PlyCount "122"]
[GameId "2160767911724449"]
[EventDate "2000.05.03"]
[EventType "swiss"]
[EventRounds "8"]
[EventCountry "CAN"]

1. e4 c5 2. Nf3 d6 3. d4 cxd4 4. Nxd4 Nf6 5. Nc3 a6 6. a4 b6 7. Be2 Bb7 8. f3 e6 9. Be3 Be7 10. O-O Nbd7 11. Qd2 Rc8 12. Rfd1 O-O 13. Nb3 Ne5 14. Bd4 Nfd7 15. Qe1 Qc7 16. Qg3 Bf6 17. Rd2 Rfd8 18. Rad1 Kh8 19. f4 Nc4 20. Bxc4 Qxc4 21. Bxf6 Nxf6 22. Rd4 Qc7 23. Qd3 d5 24. exd5 Nxd5 25. Nxd5 Rxd5 26. c4 Rxd4 27. Qxd4 h6 28. Qd7 Bc6 29. Qxc7 Rxc7 30. Rd8+ Kh7 31. a5 b5 32. cxb5 Bxb5 33. Nd4 Rc1+ 34. Kf2 Rd1 35. Ke3 Rd3+ 36. Ke4 Rd2 37. b3 Bf1 38. Rd7 Kg6 39. Rd6 Rxg2 40. f5+ Kf6 41. fxe6 fxe6 42. Rxe6+ Kf7 43. Rb6 Rxh2 44. b4 Rb2 45. b5 axb5 46. a6 Ra2 47. Nc6 Bg2+ 48. Kd4 h5 49. Kc5 h4 50. Rb7+ Kf6 51. a7 h3 52. Rb8 Bxc6 53. Kxc6 Rxa7 54. Rxb5 Ra1 55. Rh5 Rh1 56. Rc5 h2 57. Rc2 g5 58. Rf2+ Kg6 59. Rc2 g4 60. Kc5 g3 61. Kc4 Rg1 0-1

[Event "CAN-ch U20 2000"]
[Site "Montreal CAN"]
[Date "2000.05.05"]
[Round "5"]
[White "Timbaliuk, Veaceslav"]
[Black "Ramaswamy, Kiran"]
[Result "0-1"]
[WhiteElo "1294"]
[BlackElo "1715"]
[PlyCount "152"]
[GameId "2160767911724451"]
[EventDate "2000.05.03"]
[EventType "swiss"]
[EventRounds "8"]
[EventCountry "CAN"]

1. e4 c5 2. Nf3 Nc6 3. Bb5 g6 4. d4 cxd4 5. Nxd4 Bg7 6. Be3 Nf6 7. Nc3 a6 8. Bc4 O-O 9. Bb3 d6 10. h3 Bd7 11. Qd2 Rc8 12. O-O-O Qa5 13. Bh6 Nxe4 14. Nxe4 Qxd2+ 15. Nxd2 Bxh6 16. N4f3 Na5 17. Kb1 Nxb3 18. Nxb3 Rc7 19. g4 Rfc8 20. g5 Bg7 21. c3 Bf5+ 22. Ka1 Rxc3 23. Nfd4 Bxd4 24. Nxd4 R3c5 25. Nxf5 Rxf5 26. Rhe1 Rc7 27. Re2 Rxg5 28. Rde1 Rgc5 29. a3 Rc1+ 30. Rxc1 Rxc1+ 31. Ka2 Kf8 32. Re4 d5 33. Rd4 e6 34. Rb4 b5 35. a4 Rc4 36. Ka3 Ke7 37. axb5 Rxb4 38. Kxb4 axb5 39. Kxb5 Kd6 40. Kb4 e5 41. Kc3 Kc5 42. b4+ Kb5 43. f3 f5 44. h4 d4+ 45. Kd3 Kxb4 46. f4 e4+ 47. Kxd4 Kb3 48. Ke3 Kc3 49. Ke2 Kd4 50. Kd2 e3+ 51. Ke2 Ke4 52. Ke1 Kxf4 53. Kf1 Kg3 54. h5 f4 55. hxg6 hxg6 56. Ke2 f3+ 57. Kxe3 f2 58. Ke2 Kg2 59. Ke3 f1=Q 60. Ke4 Qf5+ 61. Ke3 Qf3+ 62. Kd4 Qe2 63. Kd5 Qe3 64. Kc4 Qd2 65. Kc5 Qd3 66. Kb4 Qc2 67. Kb5 Qc3 68. Ka4 Qb2 69. Ka5 Qb3 70. Ka6 Qb4 71. Ka7 Qb5 72. Ka8 Kf3 73. Ka7 Ke4 74. Ka8 Kd5 75. Ka7 Kc6 76. Ka8 Qb7# 0-1

[Event "CAN-ch U20 2000"]
[Site "Montreal CAN"]
[Date "2000.05.06"]
[Round "6"]
[White "Caire, Francois"]
[Black "Feoktistov, Dmitri"]
[Result "1/2-1/2"]
[WhiteElo "1799"]
[BlackElo "1937"]
[PlyCount "53"]
[GameId "2160767911724453"]
[EventDate "2000.05.03"]
[EventType "swiss"]
[EventRounds "8"]
[EventCountry "CAN"]

1. d4 d5 2. Nf3 Nf6 3. c4 e6 4. Nc3 c6 5. e3 Nbd7 6. Bd3 Be7 7. O-O O-O 8. e4 dxe4 9. Nxe4 Nxe4 10. Bxe4 Nf6 11. Bc2 Qc7 12. Qe2 b6 13. b3 Bb7 14. Bb2 Rfd8 15. Rfe1 Rac8 16. Ng5 Re8 17. Rad1 Bb4 18. Rf1 h6 19. Ne4 Be7 20. Nxf6+ Bxf6 21. Rfe1 c5 22. Bb1 Rcd8 23. dxc5 Bxb2 24. Qxb2 Qxc5 25. Qe2 Qg5 26. f3 g6 27. Qf2 1/2-1/2

[Event "CAN-ch U20 2000"]
[Site "Montreal CAN"]
[Date "2000.05.06"]
[Round "6"]
[White "Egorov, Mikhail"]
[Black "Raheb, David"]
[Result "1-0"]
[WhiteElo "1962"]
[BlackElo "2148"]
[PlyCount "109"]
[GameId "2160767911724456"]
[EventDate "2000.05.03"]
[EventType "swiss"]
[EventRounds "8"]
[EventCountry "CAN"]

1. Nf3 d5 2. d4 Nf6 3. c4 c6 4. cxd5 cxd5 5. Nc3 Nc6 6. Bf4 a6 7. h3 e6 8. a3 Be7 9. e3 O-O 10. Bd3 Bd7 11. O-O b5 12. Ne5 Na5 13. g4 Ne8 14. g5 g6 15. Qg4 Nc4 16. Nxd5 exd5 17. Qxd7 Nxe5 18. Qxd8 Nf3+ 19. Kg2 Nh4+ 20. Kg3 Rxd8 21. Kxh4 h6 22. Kg4 hxg5 23. Bxg5 Bxg5 24. Kxg5 Nd6 25. Kg4 Rc8 26. a4 Nc4 27. axb5 Nxb2 28. Be2 axb5 29. Bxb5 Nc4 30. Bxc4 dxc4 31. Rfc1 Rc7 32. Rc3 Kg7 33. Rac1 f5+ 34. Kf4 Rfc8 35. f3 Kf6 36. h4 Ke6 37. e4 Kf6 38. d5 Rc5 39. Ke3 Ke5 40. f4+ Kd6 41. e5+ Kxd5 42. Rd1+ Ke6 43. Rd6+ Kf7 44. Kd4 R5c7 45. Rf6+ Kg7 46. h5 Rd8+ 47. Ke3 gxh5 48. Rxf5 Kg6 49. Rg5+ Kh6 50. Ke4 Rd3 51. Rxd3 cxd3 52. Kxd3 Ra7 53. Ke4 Ra2 54. Kf5 h4 55. Kg4 1-0

[Event "CAN-ch U20 2000"]
[Site "Montreal CAN"]
[Date "2000.05.06"]
[Round "6"]
[White "Gottlieb, Jonathan"]
[Black "Goldenberg, Danny"]
[Result "0-1"]
[WhiteElo "2143"]
[BlackElo "2321"]
[PlyCount "60"]
[GameId "2160767911724457"]
[EventDate "2000.05.03"]
[EventType "swiss"]
[EventRounds "8"]
[EventCountry "CAN"]

1. e4 c5 2. Nf3 Nc6 3. d4 cxd4 4. Nxd4 e5 5. Nb5 d6 6. N1c3 a6 7. Na3 b5 8. Nd5 Nge7 9. Bg5 h6 10. Bh4 Qa5+ 11. c3 Nxd5 12. exd5 Ne7 13. Bxe7 Bxe7 14. Bd3 O-O 15. O-O f5 16. c4 b4 17. Nc2 Qb6 18. a3 b3 19. Nb4 e4 20. Be2 Bf6 21. Qxb3 a5 22. Qa4 f4 23. Nc6 Qxb2 24. Bh5 f3 25. Rfd1 Bh4 26. g3 e3 27. Rf1 exf2+ 28. Kh1 Bh3 29. Bxf3 Rxf3 30. gxh4 Qxa1 0-1

[Event "CAN-ch U20 2000"]
[Site "Montreal CAN"]
[Date "2000.05.06"]
[Round "6"]
[White "Gushuliak, Justin"]
[Black "Bluvshtein, Mark"]
[Result "1-0"]
[WhiteElo "2097"]
[BlackElo "2283"]
[PlyCount "65"]
[GameId "2160767911724458"]
[EventDate "2000.05.03"]
[EventType "swiss"]
[EventRounds "8"]
[EventCountry "CAN"]

1. e4 e6 2. d4 d5 3. e5 c5 4. c3 Nc6 5. Nf3 Qb6 6. a3 c4 7. Nbd2 Bd7 8. Be2 Na5 9. O-O Be7 10. Qc2 O-O-O 11. Ne1 f5 12. exf6 gxf6 13. f4 Nh6 14. Nef3 Ng4 15. Re1 Bd6 16. Bf1 Qc7 17. g3 Rdg8 18. Bg2 Qb6 19. Nf1 Nb3 20. Rb1 Nxc1 21. Rbxc1 Rg7 22. Re2 h5 23. Rce1 Rh6 24. h3 e5 25. hxg4 hxg4 26. Nxe5 fxe5 27. fxe5 Be7 28. Bxd5 Be6 29. Qe4 Rgh7 30. Bxe6+ Qxe6 31. Rh2 Rxh2 32. Nxh2 Kb8 33. Qxh7 1-0

[Event "CAN-ch U20 2000"]
[Site "Montreal CAN"]
[Date "2000.05.06"]
[Round "6"]
[White "Hare, Scott"]
[Black "Ramaswamy, Kiran"]
[Result "1/2-1/2"]
[WhiteElo "1967"]
[BlackElo "1714"]
[PlyCount "58"]
[GameId "2160767911724459"]
[EventDate "2000.05.03"]
[EventType "swiss"]
[EventRounds "8"]
[EventCountry "CAN"]

1. d4 Nf6 2. c4 c5 3. d5 e5 4. Nc3 d6 5. g3 Be7 6. Bg2 O-O 7. e4 Ne8 8. Nge2 g6 9. Bh6 Ng7 10. O-O f5 11. f4 exf4 12. Nxf4 Bf6 13. exf5 Bxf5 14. Bxg7 Bxg7 15. Ne6 Bxe6 16. Rxf8+ Qxf8 17. dxe6 Nc6 18. Qd5 Qe7 19. Rf1 Rf8 20. Rxf8+ Kxf8 21. Nb5 Bxb2 22. Qxd6 a6 23. Qf4+ Kg7 24. Nd6 Qxe6 25. Bd5 Qe1+ 26. Kg2 Qe2+ 27. Kh3 Qh5+ 28. Qh4 Qxh4+ 29. Kxh4 Nb4 1/2-1/2

[Event "CAN-ch U20 2000"]
[Site "Montreal CAN"]
[Date "2000.05.06"]
[Round "6"]
[White "Khaziyeva, Dinara"]
[Black "Buscar, Michael"]
[Result "1-0"]
[WhiteElo "1912"]
[BlackElo "2081"]
[PlyCount "149"]
[GameId "2160767911724461"]
[EventDate "2000.05.03"]
[EventType "swiss"]
[EventRounds "8"]
[EventCountry "CAN"]

1. c4 e6 2. Nc3 d5 3. b3 c6 4. Bb2 Nf6 5. g3 Be7 6. Bg2 Nbd7 7. Nf3 O-O 8. O-O Re8 9. Rc1 Bf8 10. d3 g6 11. Qc2 Bg7 12. Rfd1 Nf8 13. e3 a6 14. c5 e5 15. h3 N6d7 16. Ne2 f5 17. e4 fxe4 18. dxe4 d4 19. h4 Ne6 20. b4 a5 21. a3 Rf8 22. Qb3 Qe7 23. Ng5 Nf6 24. Bh3 Re8 25. Bxd4 Kh8 26. Bxe5 Nxg5 27. hxg5 Bxh3 28. gxf6 Qxe5 29. fxg7+ Qxg7 30. Nf4 Bc8 31. Rd6 axb4 32. axb4 Ra1 33. Rxa1 Qxa1+ 34. Qd1 Qxd1+ 35. Rxd1 Bg4 36. Re1 Kg7 37. Kg2 Kf6 38. f3 Be6 39. Rd1 g5 40. Nd3 Bb3 41. Rd2 Rd8 42. Kf2 Bc4 43. Ke3 Re8 44. Nf2 Be6 45. Rd6 Kf7 46. Nd3 Re7 47. f4 gxf4+ 48. Kxf4 h5 49. Ne5+ Kf6 50. Nf3 Kg7 51. Ng5 Bg4 52. e5 Kf8 53. Rh6 Kg8 54. e6 Kg7 55. Rh7+ Kf6 56. Rxe7 Kxe7 57. Ke5 Be2 58. Ne4 Bc4 59. Nf6 Bxe6 60. Nxh5 Bg4 61. Nf6 Be2 62. Ne4 Bd3 63. Nd6 Ba6 64. g4 Kf8 65. Kf6 Kg8 66. g5 Kf8 67. g6 Kg8 68. g7 Bd3 69. Nxb7 Ba6 70. Nd8 Bb5 71. Nf7 Bc4 72. Nh6+ Kh7 73. g8=Q+ Bxg8 74. Nxg8 Kxg8 75. Ke6 1-0

[Event "CAN-ch U20 2000"]
[Site "Montreal CAN"]
[Date "2000.05.06"]
[Round "6"]
[White "Masse, Hugues"]
[Black "Liu, Ming"]
[Result "1-0"]
[WhiteElo "2042"]
[BlackElo "1303"]
[PlyCount "83"]
[GameId "2160767911724462"]
[EventDate "2000.05.03"]
[EventType "swiss"]
[EventRounds "8"]
[EventCountry "CAN"]

1. e4 e5 2. Nc3 Nf6 3. Bc4 Nxe4 4. Qh5 Nd6 5. Bb3 Nc6 6. Nb5 g6 7. Qf3 f5 8. Qd5 Qf6 9. Nxc7+ Kd8 10. Nxa8 b6 11. d3 Bb7 12. Qf3 Nd4 13. Qh3 Bxa8 14. Nf3 f4 15. Nxd4 exd4 16. f3 Qe5+ 17. Kf2 Nf5 18. Re1 Ne3 19. Kg1 Bc6 20. Re2 Be7 21. Bxe3 dxe3 22. c3 d5 23. d4 Qg5 24. Qg4 Qf6 25. g3 g5 26. gxf4 gxf4 27. Rg2 Rf8 28. Qh5 Qe6 29. Re1 h6 30. Rg6 Rg8 31. Rxg8+ Qxg8+ 32. Kh1 Qh7 33. Bxd5 Be8 34. Qe5 Qd3 35. Be6 Bf8 36. Qxf4 e2 37. Bf5 Qd1 38. Qb8+ Ke7 39. Qe5+ Kf7 40. Qxe2 Qa4 41. Qe6+ Kg7 42. Rg1+ 1-0

[Event "CAN-ch U20 2000"]
[Site "Montreal CAN"]
[Date "2000.05.06"]
[Round "6"]
[White "Michalowski, Lukasz"]
[Black "Johnson, Kyle"]
[Result "0-1"]
[WhiteElo "1867"]
[BlackElo "1584"]
[PlyCount "150"]
[GameId "2160767911724463"]
[EventDate "2000.05.03"]
[EventType "swiss"]
[EventRounds "8"]
[EventCountry "CAN"]

1. d4 Nf6 2. c4 e6 3. a3 d5 4. Nc3 c6 5. Bg5 Nbd7 6. Nf3 Be7 7. e3 O-O 8. cxd5 exd5 9. Be2 Re8 10. O-O h6 11. Bh4 Nf8 12. Qc2 Ng6 13. Bg3 h5 14. Ne5 Nxe5 15. Bxe5 Ng4 16. Bxg4 Bxg4 17. b4 Qd7 18. f3 Be6 19. Bg3 Bd6 20. Bxd6 Qxd6 21. Rac1 Bd7 22. Rfe1 Re6 23. Na4 Rg6 24. Re2 Re8 25. Nc5 Bc8 26. Rce1 Qf6 27. Kh1 h4 28. Rf2 Qxd4 29. Rfe2 Qf6 30. e4 h3 31. Qb3 Re5 32. g3 b6 33. f4 Re7 34. e5 Qf5 35. Nd3 Ba6 36. Re3 Qh5 37. Nf2 Bc8 38. Qd3 Bf5 39. Qd2 Be6 40. Ne4 Rc7 41. Nd6 c5 42. bxc5 Rxc5 43. Qf2 Bf5 44. Qd2 Qg4 45. Qd4 Re6 46. Qa4 Re7 47. Qd4 Rec7 48. Nxf5 Qxf5 49. e6 fxe6 50. Rxe6 Qg4 51. Qd2 Qf3+ 52. Kg1 Rc2 53. Re8+ Kh7 54. R8e3 Rxd2 55. Rxf3 Rcc2 56. g4 Rxh2 57. Rg3 Rhg2+ 58. Rxg2 Rxg2+ 59. Kh1 Rxg4 60. f5 Rf4 61. Re5 d4 62. Kh2 Rf3 63. Rd5 Rxa3 64. Rxd4 Rf3 65. Ra4 Rxf5 66. Rxa7 Rh5 67. Ra6 b5 68. Ra5 Kg6 69. Ra6+ Kf5 70. Rb6 Kg4 71. Rg6+ Rg5 72. Rb6 Kh4 73. Rb8 Rg2+ 74. Kh1 Rb2 75. Rd8 g5 0-1

[Event "CAN-ch U20 2000"]
[Site "Montreal CAN"]
[Date "2000.05.06"]
[Round "6"]
[White "Nathani, Kaleim"]
[Black "Miron, Francois"]
[Result "0-1"]
[WhiteElo "1909"]
[BlackElo "1969"]
[PlyCount "64"]
[GameId "2160767911724464"]
[EventDate "2000.05.03"]
[EventType "swiss"]
[EventRounds "8"]
[EventCountry "CAN"]

1. e4 c5 2. Nc3 Nc6 3. g3 g6 4. Bg2 Bg7 5. d3 e6 6. f4 Nge7 7. e5 d5 8. exd6 Qxd6 9. Nge2 O-O 10. O-O b6 11. Be3 Bb7 12. Qd2 Qd7 13. Rab1 Nf5 14. Bf2 Ncd4 15. Bxb7 Qxb7 16. Bxd4 Nxd4 17. Ne4 Nxe2+ 18. Qxe2 Bd4+ 19. Nf2 Qd5 20. c3 Bxf2+ 21. Qxf2 Qxa2 22. Ra1 Qd5 23. Qc2 Rfd8 24. Rfd1 Rd7 25. Kf2 Rad8 26. Ra4 b5 27. Re4 Qxe4 28. dxe4 Rxd1 29. Qb3 R1d2+ 30. Kg1 a6 31. Qa3 Rc2 32. Qa1 Rdd2 0-1

[Event "CAN-ch U20 2000"]
[Site "Montreal CAN"]
[Date "2000.05.06"]
[Round "6"]
[White "Olson, Hans"]
[Black "Lentini, Joseph"]
[Result "1-0"]
[WhiteElo "2022"]
[BlackElo "2130"]
[PlyCount "139"]
[GameId "2160767911724465"]
[EventDate "2000.05.03"]
[EventType "swiss"]
[EventRounds "8"]
[EventCountry "CAN"]

1. e4 c5 2. Nc3 Nc6 3. f4 g6 4. Nf3 Bg7 5. Bb5 Nd4 6. a4 e6 7. e5 a6 8. Bc4 d5 9. exd6 Qxd6 10. d3 b6 11. Ne4 Qc7 12. c3 Nxf3+ 13. Qxf3 Bb7 14. Nd6+ Qxd6 15. Qxb7 Qb8 16. Qxb8+ Rxb8 17. Bxa6 Ra8 18. Bb5+ Ke7 19. O-O Nf6 20. Rb1 Nd5 21. Bc6 Ra7 22. Bd2 Nc7 23. b4 Rd8 24. bxc5 bxc5 25. Rf3 Rd6 26. Bb5 Rb6 27. Rff1 Nxb5 28. axb5 Ra2 29. Be3 Kd6 30. c4 Rb8 31. Rf2 Ra3 32. Rd1 Rba8 33. g4 f5 34. gxf5 exf5 35. Rc2 Rb3 36. Kf2 Raa3 37. Ke2 Bf6 38. Rcc1 Ra2+ 39. Rd2 Raa3 40. Rcc2 Bc3 41. Rd1 Bf6 42. Bg1 Ra7 43. Kf1 Re7 44. Ra2 Bd4 45. Ra6+ Kd7 46. Ra7+ Kd6 47. Rxe7 Kxe7 48. Bxd4 cxd4 49. Ke2 Kd6 50. Rd2 Rb1 51. Ra2 Rh1 52. Kf3 Rf1+ 53. Kg3 Rg1+ 54. Kf2 Rd1 55. Rb2 Kc7 56. b6+ Kb7 57. Rb3 Rd2+ 58. Kg3 Rc2 59. Rb5 Rc3 60. c5 Rxd3+ 61. Kf2 Re3 62. c6+ Kb8 63. Re5 Re4 64. Kf3 d3 65. Rd5 Re8 66. Rxd3 Kc8 67. Rd7 h6 68. b7+ Kb8 69. c7+ Kxb7 70. Rd8 1-0

[Event "CAN-ch U20 2000"]
[Site "Montreal CAN"]
[Date "2000.05.06"]
[Round "6"]
[White "Perecowicz, Jonathan"]
[Black "Timbaliuk, Veaceslav"]
[Result "1-0"]
[WhiteElo "1286"]
[BlackElo "1294"]
[PlyCount "127"]
[GameId "2160767911724466"]
[EventDate "2000.05.03"]
[EventType "swiss"]
[EventRounds "8"]
[EventCountry "CAN"]

1. e4 e5 2. Nf3 Nc6 3. Nc3 Nf6 4. d4 exd4 5. Nxd4 Bb4 6. Nxc6 bxc6 7. Bd3 d5 8. exd5 cxd5 9. O-O O-O 10. Bg5 c6 11. Qf3 Be7 12. Qg3 Re8 13. Rfe1 Be6 14. a3 Kh8 15. b4 h6 16. Bd2 Qd6 17. Bf4 Qd7 18. Be5 Rad8 19. b5 c5 20. Red1 Bd6 21. b6 Bxe5 22. Qxe5 Bg4 23. Qc7 Bxd1 24. Rxd1 Qxc7 25. bxc7 Rc8 26. Nb5 Rf8 27. Bf5 Ra8 28. c8=Q Raxc8 29. Bxc8 Rxc8 30. Nxa7 Ra8 31. Nb5 Ra5 32. Rb1 d4 33. Kf1 Ne4 34. Ke1 Kg8 35. f3 Nf6 36. Kd2 Kf8 37. c3 dxc3+ 38. Kxc3 Ke7 39. Kc4 Nd7 40. Kd5 Ra8 41. Rd1 Rd8 42. Re1+ Kf6 43. Kc6 Ne5+ 44. Kc7 Rd7+ 45. Kb6 Rd2 46. Rg1 c4 47. a4 Rd3 48. a5 c3 49. a6 c2 50. Rc1 Nc4+ 51. Kc7 Ke6 52. a7 Rd7+ 53. Kc6 Ne5+ 54. Kb6 Nc4+ 55. Ka6 Rd8 56. Nc7+ Ke7 57. a8=Q Rxa8+ 58. Nxa8 Ne3 59. Nc7 Kd6 60. Nb5+ Kc5 61. Na3 Nxg2 62. Rxc2+ Kb4 63. Rxg2 Kxa3 64. Rxg7 1-0